Đang tải...
Food Processing and Preservation
| Tác giả chính: | |
|---|---|
| Định dạng: | Printed Book |
| Ngôn ngữ: | Undetermined English |
| Được phát hành: |
Delhi
Daya Publishing House
2005
|
| Những chủ đề: |
| LEADER | 00620nam a2200193Ia 4500 | ||
|---|---|---|---|
| 008 | 140306s9999 xx 000 0 und d | ||
| 041 | |a eng | ||
| 082 | |a 664.02 |b NEE | ||
| 100 | |a Neelam, Khetarpaul | ||
| 245 | |a Food Processing and Preservation | ||
| 260 | |a Delhi |b Daya Publishing House |c 2005 | ||
| 300 | |a 555 | ||
| 650 | |a Food Prevention | ||
| 650 | |a Food Processing | ||
| 650 | |a Food Spoilage | ||
| 650 | |a Post harvest Processing | ||
| 942 | |2 ddc |c BK | ||
| 999 | |c 74187 |d 74187 | ||
| 952 | |0 0 |1 0 |2 ddc |4 0 |6 664_020000000000000_NEE |7 0 |9 80639 |a KAUACV |b KAUACV |d 2008-10-29 |o 664.02 NEE |p KAU_ACV-BB 514 |r 2014-03-22 |w 2014-03-22 |y BK | ||